000 00714nam a2200241Ia 4500
005 20260430150055.0
008 008 250103s9999 xx 000 0 eng d
037 _aTheses
040 _aCRL
040 _beng
040 _ceng
041 _2eng
041 _aeng
084 _qCRL
100 _aNyodu Mizum Au.; Deshwal Vageshwari Gu.
_91236374
245 0 _aComparative study of formal criminal justice system and customary criminal justice system of North East States: a socio-legal study of selected tribes in North East
260 _c2022
300 _a300p.
650 _aLaw
700 _aUniversity of Delhi. Faculty of Law. Department of Law
942 _cTH
999 _c1848879
_d1848879